Henry David Thoreau Bibliography - Statistics

General Stats
  • This quiz has been taken 10 times
  • The average score is 3 of 46
Answer Stats
Type Year Name % Correct
Memoir 1854 Walden
88%
Essay 1849 Resistance to Civil Government (Civil Disobedience)
63%
Travel Book 1865 Cape Cod
25%
Travel Book 1864 The Maine Woods
25%
Travel Book 1848 A Week on the Concord and Merrimack Rivers
13%
Journal 1906 Journal of Henry David Thoreau
13%
Notebook Collection 1847-1861 The Indian Notebooks
13%
Lecture 1862 Walking
13%
Travel Book 1853 An Excursion to Canada
0%
Essay 1859 A Plea for Captain John Brown
0%
Essay 1840 Aulus Persius Flaccus
0%
Journal 1892 Autumn
0%
Travel Book 1862 Autumnal Tints
0%
Essay 1842 A Walk to Wachusett
0%
Essay Collection 1865 A Yankee in Canada, with Anti-Slavery and Reform Papers
0%
Journal 1881 Early Spring in Massachusetts
0%
Essay Collection 1863 Excursions
0%
Letter Collection 1894 Familiar Letters of Henry David Thoreau
0%
Essay 1844 Herald of Freedom
0%
Poem ???? I Was Made Erect and Lone
0%
Letter Collection 1865 Letters to Various Persons
0%
Essay 1863 Life Without Principle
0%
Writing Collection 1894 Miscellanies
0%
Poetry Collection 1863 Night and Moonlight
0%
Essay 1843 Paradise (to be) Regained
0%
Poem Collection 1895 Poems of Nature
0%
Poetry Collection 1950 Poets of the English Language
0%
Essay 1846-1848 Reform and the Reformers
0%
Speech 1859 Remarks After the Hanging of Brown
0%
Essay 1844 Sir Walter Raleigh
0%
Essay 1854 Slavery in Massachusetts
0%
Letter Collection 1898 Some Unpublished Letters of Henry D. and Sophia E. Thoreau
0%
Journal 1884 Summer
0%
Poem 1970 The Bluebird Carries the Sky on His Back
0%
Writing Collection 1958 The Correspondence of Henry David Thoreau
0%
Essay 1993 The Dispersion of Seeds
0%
Poem 1862 The Fall of the Leaf
0%
Poem Collection 1905 The First and Last Journeys of Thoreau
0%
Essay Collection 1864 The Highland Night
0%
Essay 1843 The Landlord
0%
Essay 1860 The Last Days of John Brown
0%
Essay 1840 The Service
0%
Essay 1847 Thomas Carlyle and His Works
0%
Essay 1845 Wendell Phillips Before the Concord Lyceum
0%
Essay 1862 Wild Apples: The History of the Apple Tree
0%
Journal 1888 Winter
0%
No matching quizzes found
Score Distribution
Percent of People with Each Score
Percentile by Number Answered
Your Score History
You have not taken this quiz